[Event "PCA/Intel-GP"]
[Site "Paris"]
[Date "1994.??.??"]
[Round "3.2"]
[White "Kasparov, Garry"]
[Black "Kramnik, Vladimir"]
[Result "1/2-1/2"]
[WhiteElo "2810"]
[BlackElo "2725"]
[PlyCount "36"]
[EventDate "1994.11.??"]
[Source "ChessBase"]

1. d4 d5 2. c4 c6 3. Nf3 Nf6 4. Nc3 dxc4 5. a4 Bf5 6. e3 e6 7. Bxc4 Bb4 8. O-O O-O 9. Nh4 Nbd7 10. h3 Rc8 11. Qe2 Nb6 12. Bb3 Nbd5 13. Bd2 Qe7 14. Rfc1 Rcd8 15. Qf3 Ne4 16. Nxf5 exf5 17. Nxe4 fxe4 18. Bxb4 Nxb4 1/2-1/2

[Event "Novgorod"]
[Site "?"]
[Date "1994.??.??"]
[Round "?"]
[White "Kasparov, Garry"]
[Black "Bareev, E."]
[Result "1-0"]
[WhiteElo "2805"]
[BlackElo "2675"]
[PlyCount "69"]
[EventDate "1994.??.??"]
[Source "ChessBase"]
[SourceDate "1994.06.01"]

1. d4 d5 2. c4 c6 3. Nf3 Nf6 4. Nc3 dxc4 5. a4 Bf5 6. e3 e6 7. Bxc4 Bb4 8. O-O Nbd7 9. Qe2 Bg4 10. h3 Bxf3 11. Qxf3 O-O 12. Rd1 Qa5 13. e4 e5 14. d5 Nb6 15. Bb3 Bxc3 16. bxc3 cxd5 17. exd5 Rac8 18. c4 Rfe8 19. Bd2 Qa6 20. d6 Nbd7 21. Be3 Rc6 22. a5 Rxd6 23. Ba4 Rxd1+ 24. Rxd1 Rd8 25. c5 h6 26. Qf5 g6 27. Qc2 Qxa5 28. Rd6 Kg7 29. Qd1 Qc7 30. h4 Kh7 31. h5 g5 32. Qf3 Kg7 33. Qf5 b6 34. Bxd7 Nxd7 35. Bxg5 1-0

[Event "Tilburg NED"]
[Site "Tilburg NED"]
[Date "1991.??.??"]
[Round "?"]
[White "Kasparov, Gary"]
[Black "Bareev, Evgeny I"]
[Result "1-0"]
[WhiteElo "2800"]
[BlackElo "2650"]
[PlyCount "31"]
[EventDate "1991.??.??"]
[Source "www.chesslib.no"]
[SourceDate "2004.05.04"]

1. c4 Nf6 2. Nf3 c6 3. Nc3 d5 4. d4 dxc4 5. a4 Bf5 6. e3 e6 7. Bxc4 Bb4 8. O-O Nbd7 9. Qe2 Bg6 10. e4 Bxc3 11. bxc3 Nxe4 12. Ba3 Qc7 13. Nd2 Nxd2 14. Qxd2 O-O-O 15. Be7 Rde8 16. Bh4 1-0

[Event "Amber-blind 2nd"]
[Site "Monte Carlo"]
[Date "1993.??.??"]
[Round "8"]
[White "Karpov, Anatoly"]
[Black "Anand, Viswanathan"]
[Result "1/2-1/2"]
[WhiteElo "2725"]
[BlackElo "2710"]
[PlyCount "92"]
[EventDate "1993.03.??"]
[Source "ChessBase"]

1. d4 d5 2. c4 c6 3. Nf3 Nf6 4. Nc3 dxc4 5. a4 Bf5 6. e3 e6 7. Bxc4 Bb4 8. O-O Nbd7 9. Nh4 Bg6 10. h3 a5 11. Bd2 O-O 12. Nxg6 hxg6 13. Qc2 Rc8 14. Rfd1 Nb6 15. Be2 Qe7 16. Qb3 Rfd8 17. Na2 Bxd2 18. Qxb6 Nd5 19. Qb3 Bb4 20. e4 Nf6 21. Nxb4 axb4 22. Bf3 Ne8 23. Rac1 Nc7 24. Rc4 Na6 25. d5 c5 26. dxe6 Qxe6 27. Rd3 Qe5 28. Rc2 Rxd3 29. Qxd3 c4 30. Qd5 Qxd5 31. exd5 c3 32. d6 Nc5 33. bxc3 b3 34. Rb2 Rd8 35. Bd5 Rxd6 36. Bxb3 Rd3 37. a5 Kf8 38. Bc4 Rxc3 39. Bd5 Rd3 40. Bf3 Nb3 41. Ra2 Rd7 42. g3 Ke7 43. h4 Nd4 44. Bg2 Nb5 45. Rb2 Nd6 46. Bd5 Rc7 1/2-1/2

[Event "Amsterdam"]
[Site "?"]
[Date "1988.??.??"]
[Round "?"]
[White "Kasparov, Garry"]
[Black "Timman, J."]
[Result "1-0"]
[WhiteElo "2750"]
[BlackElo "2675"]
[PlyCount "109"]
[EventDate "1988.??.??"]
[Source "ChessBase"]
[SourceDate "1988.01.01"]

1. d4 d5 2. Nf3 Nf6 3. c4 c6 4. Nc3 dxc4 5. a4 Bf5 6. Nh4 Bc8 7. Nf3 Bf5 8. e3 e6 9. Bxc4 Bb4 10. O-O Nbd7 11. Qb3 a5 12. Na2 Be7 13. Nh4 Bg6 14. g3 Qc7 15. Nc3 O-O 16. Nxg6 hxg6 17. Rd1 Bb4 18. Qc2 Rad8 19. Na2 Be7 20. Bd2 Qb6 21. Rac1 Nd5 22. e4 N5f6 23. Be2 e5 24. Be3 exd4 25. Bxd4 Qc7 26. f4 g5 27. e5 Nd5 28. Qe4 N7b6 29. Bd3 g6 30. f5 f6 31. fxg6 f5 32. Qe2 Kg7 33. Qh5 Rh8 34. Qf3 Nf4 35. Bxf5 Rxd4 36. Rxd4 Qxe5 37. Re4 Bc5+ 38. Kh1 Qxf5 39. gxf4 Bd6 40. Qc3+ Kxg6 41. Qd3 Be7 42. fxg5 Qd5 43. Qe2 Rh4 44. Nc3 Rxe4 45. Nxe4 Nxa4 46. Rd1 Qe6 47. Qc2 Qf5 48. Qxa4 Qf3+ 49. Kg1 Qg4+ 50. Kf2 Qf4+ 51. Ke2 Qg4+ 52. Kd3 Bb4 53. Qc2 Qf3+ 54. Kd4 Kg7 55. Ke5 1-0

[Event "Ciudad de Pamplona"]
[Site "Pamplona"]
[Date "1999.12.28"]
[Round "2"]
[White "Gelfand, Boris"]
[Black "Almasi, Zoltan"]
[Result "1/2-1/2"]
[WhiteElo "2713"]
[BlackElo "2663"]
[PlyCount "46"]
[EventDate "1999.12.27"]
[Source "ChessBase"]
[SourceDate "2000.04.05"]

1. d4 d5 2. c4 c6 3. Nc3 Nf6 4. Nf3 dxc4 5. a4 Bf5 6. e3 e6 7. Bxc4 Bb4 8. O-O O-O 9. Nh4 Nbd7 10. f3 Bg6 11. e4 e5 12. Nxg6 hxg6 13. Be3 Qb6 14. Kh1 Rad8 15. f4 Bxc3 16. bxc3 Nxe4 17. Qf3 exd4 18. Bxd4 c5 19. Bxg7 Nd2 20. Qe2 Nxf1 21. Bxf8 Ng3+ 22. hxg3 Kxf8 23. g4 Qf6 1/2-1/2

[Event "Riga"]
[Site "?"]
[Date "1995.??.??"]
[Round "?"]
[White "Yusupov, A."]
[Black "Kramnik, Vladimir"]
[Result "1/2-1/2"]
[WhiteElo "2660"]
[BlackElo "2715"]
[PlyCount "47"]
[EventDate "1995.??.??"]
[Source "ChessBase"]
[SourceDate "1995.02.01"]

1. d4 d5 2. c4 c6 3. Nf3 Nf6 4. Nc3 dxc4 5. a4 Bf5 6. e3 e6 7. Bxc4 Bb4 8. O-O O-O 9. Nh4 Nbd7 10. Nxf5 exf5 11. Qc2 g6 12. f3 Qb6 13. Kh1 Rae8 14. Qf2 c5 15. Qh4 Rc8 16. Ba2 Rfd8 17. Bd2 Nf8 18. a5 Qa6 19. Rfd1 c4 20. Be1 Re8 21. e4 Bxc3 22. Bxc3 fxe4 23. d5 N8d7 24. Rd4 1/2-1/2

[Event "Tal"]
[Site "Riga Tal"]
[Date "1995.??.??"]
[Round "?"]
[White "Jussupow, Artur M"]
[Black "Kramnik, Vladimir"]
[Result "1/2-1/2"]
[WhiteElo "2660"]
[BlackElo "2715"]
[PlyCount "23"]
[EventDate "1995.??.??"]
[Source "www.chesslib.no"]
[SourceDate "2004.05.04"]

1. d4 d5 2. c4 c6 3. Nf3 Nf6 4. Nc3 dxc4 5. a4 Bf5 6. e3 e6 7. Bxc4 Bb4 8. O-O O-O 9. Nh4 Nbd7 10. Nxf5 exf5 11. Qc2 g6 12. b3 1/2-1/2

[Event "Match"]
[Site "Albert"]
[Date "2004.04.27"]
[Round "1"]
[White "Bacrot, Etienne"]
[Black "Sokolov, Ivan"]
[Result "1/2-1/2"]
[WhiteElo "2675"]
[BlackElo "2690"]
[PlyCount "54"]
[EventDate "2004.04.27"]
[Source "Roberto Alvarez"]
[SourceDate "2004.05.03"]

1. d4 d5 2. c4 c6 3. Nc3 Nf6 4. Nf3 dxc4 5. a4 Bf5 6. e3 e6 7. Bxc4 Bb4 8. O-O Nbd7 9. Qe2 Bg4 10. Rd1 Qa5 11. e4 Qh5 12. h3 Bxf3 13. Qxf3 Qxf3 14. gxf3 O-O 15. Be3 Rfd8 16. Rac1 Nf8 17. Ne2 Ng6 18. Ng3 Nh4 19. f4 Rd7 20. Kf1 h6 21. Ke2 Rad8 22. Rd3 Ba5 23. Rb1 Bc7 24. b4 Ng6 25. Kf3 Nh4+ 26. Ke2 Ng6 27. Kf3 Nh4+ 1/2-1/2

[Event "Muenchen"]
[Site "?"]
[Date "1994.??.??"]
[Round "?"]
[White "Beliavsky, A."]
[Black "Ivanchuk, V."]
[Result "1/2-1/2"]
[WhiteElo "2650"]
[BlackElo "2710"]
[PlyCount "123"]
[EventDate "1994.??.??"]
[Source "ChessBase"]
[SourceDate "1994.02.01"]

1. d4 d5 2. c4 c6 3. Nc3 Nf6 4. Nf3 dxc4 5. a4 Bf5 6. e3 e6 7. Bxc4 Bb4 8. O-O Nbd7 9. Qe2 Bg4 10. h3 Bxf3 11. Qxf3 O-O 12. Rd1 Rc8 13. Ne4 Nxe4 14. Qxe4 Qa5 15. Qc2 Nb6 16. Bd3 g6 17. e4 Rfd8 18. Be2 h5 19. Be3 c5 20. dxc5 Rxd1+ 21. Qxd1 Bxc5 22. Bd2 Bb4 23. Bxb4 Qxb4 24. a5 Nc4 25. Rc1 Rc6 26. Qd4 e5 27. Qxa7 Nxa5 28. Ra1 Rc5 29. Bf1 Kg7 30. Ra4 Qxa4 31. Qxc5 Nc6 32. Qd5 Qb4 33. g3 h4 34. Bc4 Qe7 35. gxh4 Nd4 36. f4 Qf6 37. fxe5 Nf3+ 38. Kf2 Nxe5+ 39. Ke3 Nxc4+ 40. Qxc4 Qxb2 41. h5 gxh5 42. Qd5 Qc3+ 43. Ke2 Qxh3 44. Qxb7 Qg2+ 45. Ke3 h4 46. Qc7 Qg5+ 47. Kf3 h3 48. Qh2 Qh4 49. Qg1+ Kh6 50. Qh2 Kh7 51. Ke3 Kg6 52. Kf3 Qf6+ 53. Kg3 Qc3+ 54. Kg4 Qd3 55. Qb8 h2 56. Qg8+ Kf6 57. Qg5+ Ke6 58. Qf5+ Ke7 59. Qe5+ Kd7 60. Qxh2 Qxe4+ 61. Qf4 Qxf4+ 62. Kxf4 1/2-1/2

[Event "Cap d'Agde-B"]
[Site "?"]
[Date "2002.10.26"]
[Round "7"]
[White "Onischuk Alexander"]
[Black "Gelfand Boris"]
[Result "0-1"]
[WhiteElo "2649"]
[BlackElo "2704"]
[PlyCount "110"]
[EventDate "2002.??.??"]
[Source "www.chesslib.no"]
[SourceDate "2004.05.04"]

1. d4 d5 2. c4 c6 3. Nc3 Nf6 4. Nf3 dxc4 5. a4 Bf5 6. e3 e6 7. Bxc4 Bb4 8. O-O O-O 9. Nh4 Nbd7 10. Nxf5 exf5 11. Qc2 g6 12. f3 Rc8 13. Rd1 c5 14. Na2 Ba5 15. dxc5 Qe7 16. b4 Bxb4 17. Nxb4 Qxc5 18. Rd4 Qxb4 19. Ba3 Qa5 20. Bxf8 Kxf8 21. Qb3 Rc7 22. Rad1 Qe5 23. Bb5 Nc5 24. Qa3 Re7 25. Kf2 b6 26. g3 Kg7 27. Bf1 h5 28. h4 Re8 29. Bb5 Re7 30. Bf1 Re8 31. Bc4 Re7 32. Re1 Rc7 33. Qa1 Kh7 34. Qd1 Re7 35. Kg2 Kg7 36. Qa1 Ncd7 37. Bb5 Nc5 38. Bc4 Ncd7 39. Rdd1 Qa5 40. Bb5 Ne5 41. Qd4 a6 42. Qd6 Re6 43. Qd2 Qxd2+ 44. Rxd2 axb5 45. axb5 Nc4 46. Rd3 Re5 47. Rc3 Rc5 48. Kf2 Nd5 49. Rb3 Nd6 50. e4 fxe4 51. fxe4 Nf6 52. Kf3 Nxb5 53. Rb4 Ng4 54. Reb1 Rc2 55. R1b2 Ne5+ 0-1

[Event "Portoroz/Ljubljana"]
[Site "Ljubljana"]
[Date "1975.06.02"]
[Round "1"]
[White "Karpov, Anatoly"]
[Black "Portisch, Lajos"]
[Result "1-0"]
[WhiteElo "2705"]
[BlackElo "2635"]
[PlyCount "63"]
[EventDate "1975.06.02"]
[Source "ChessBase"]

1. Nf3 d5 2. d4 Nf6 3. c4 c6 4. Nc3 dxc4 5. a4 Bf5 6. e3 e6 7. Bxc4 Bb4 8. O-O O-O 9. Nh4 Bg4 10. f3 Bh5 11. g4 Bg6 12. Nxg6 hxg6 13. Qb3 Qe7 14. g5 Nd5 15. e4 Nb6 16. Na2 Ba5 17. Be2 e5 18. Qc2 N6d7 19. dxe5 Qxe5 20. Kh1 Re8 21. Bc4 Nb6 22. Bd3 Na6 23. Bxa6 bxa6 24. Rd1 c5 25. Be3 Rac8 26. Nc3 Nc4 27. Bc1 Rb8 28. Nd5 Nxb2 29. Bf4 Qe6 30. Rab1 Qh3 31. Bxb8 Rxb8 32. Rxb2 1-0

[Event "Sarajevo Bosnia"]
[Site "Sarajevo"]
[Date "2003.05.18"]
[Round "1"]
[White "Kozul, Zdenko"]
[Black "Shirov, Alexei"]
[Result "0-1"]
[WhiteElo "2601"]
[BlackElo "2735"]
[PlyCount "68"]
[EventDate "2003.05.18"]
[Source "ChessBase"]
[SourceDate "2003.09.25"]

1. d4 d5 2. c4 c6 3. Nf3 Nf6 4. Nc3 dxc4 5. a4 Bf5 6. e3 e6 7. Bxc4 Bb4 8. O-O Nbd7 9. Qb3 a5 10. Be2 c5 11. Nh4 Bg4 12. f3 Bh5 13. g4 Bg6 14. g5 Ng8 15. f4 cxd4 16. exd4 Ne7 17. Nb5 Be4 18. Qe3 Bc6 19. Qh3 O-O 20. Bd3 g6 21. b3 Nc5 22. Bc4 Bxb5 23. axb5 Qxd4+ 24. Be3 Qe4 25. Qf3 Nd5 26. Ng2 Rfd8 27. Kh1 Qxf3 28. Rxf3 Nb6 29. Bg1 a4 30. Ne3 axb3 31. Rb1 Ra3 32. Bf1 Nba4 33. Ng4 b2 34. Rf2 Bc3 0-1

[Event "GM"]
[Site "Biel SUI"]
[Date "2007.07.29"]
[Round "6"]
[White "Onischuk, Al"]
[Black "Bu Xiangzhi"]
[Result "1/2-1/2"]
[WhiteElo "2650"]
[BlackElo "2685"]
[PlyCount "134"]
[EventDate "2007.07.23"]
[Source "www.chesslib.no"]
[SourceDate "2004.05.04"]

1. d4 d5 2. c4 c6 3. Nc3 Nf6 4. Nf3 dxc4 5. a4 Bf5 6. e3 e6 7. Bxc4 Bb4 8. O-O O-O 9. Nh4 Nbd7 10. Nxf5 exf5 11. Qc2 g6 12. f3 Qb6 13. Kh1 c5 14. Na2 Ba5 15. dxc5 Qxc5 16. b4 Bxb4 17. Qb3 Nb6 18. Be2 a5 19. Nxb4 Qxb4 20. Qa2 Nbd5 21. Ba3 Qxa4 22. Bxf8 Qxa2 23. Rxa2 Kxf8 24. Ra3 b6 25. g4 Re8 26. g5 Nh5 27. e4 Ndf4 28. Bd3 Re5 29. Rb1 fxe4 30. fxe4 Nh3 31. Bf1 Nf2+ 32. Kg1 Nxe4 33. Rb5 Nc5 34. Rxb6 Rxg5+ 35. Kh1 Rf5 36. Bg2 Re5 37. Rb1 a4 38. Bc6 Nf4 39. Bxa4 Ncd3 40. Bc6 Nh3 41. Rf1 Nhf2+ 42. Kg2 Rc5 43. Be4 Rg5+ 44. Kf3 Nxe4 45. Rxd3 Nf6 46. Ke2 Ng4 47. Rf4 Re5+ 48. Kf3 Nh6 49. Rd7 Nf5 50. Ra4 h5 51. Raa7 Nh6 52. h4 Kg7 53. Ra4 Rb5 54. Kg2 Rb2+ 55. Kh3 Rb3+ 56. Kg2 Nf5 57. Rc7 Rd3 58. Rb7 Kf6 59. Rb6+ Nd6 60. Rf4+ Ke6 61. Ra6 Rd5 62. Kh3 f6 63. Ra3 Ke5 64. Rfa4 Rd1 65. Re3+ Kf5 66. Rf3+ Ke5 67. Re3+ Kf5 1/2-1/2

[Event "Linares"]
[Site "Linares"]
[Date "1994.??.??"]
[Round "11"]
[White "Ivanchuk, Vassily"]
[Black "Lautier, Joel"]
[Result "1-0"]
[WhiteElo "2710"]
[BlackElo "2625"]
[PlyCount "127"]
[EventDate "1994.02.??"]
[Source "ChessBase"]

1. d4 d5 2. c4 c6 3. Nf3 Nf6 4. Nc3 dxc4 5. a4 Bf5 6. e3 e6 7. Bxc4 Bb4 8. O-O Nbd7 9. Qe2 Bg6 10. e4 Bxc3 11. bxc3 Nxe4 12. Ba3 Qc7 13. Rfc1 O-O-O 14. a5 Nd6 15. Bb3 Bh5 16. h3 Rhe8 17. a6 b6 18. c4 c5 19. Ba4 e5 20. dxc5 bxc5 21. Qe3 Re6 22. Ng5 Rf6 23. Bb2 h6 24. Ne4 Nxe4 25. Qxe4 Re6 26. Re1 Bg6 27. Qa8+ Qb8 28. Bxd7+ Rxd7 29. Qxb8+ Kxb8 30. Rxe5 Rdd6 31. Rxc5 Rxa6 32. Rxa6 Rxa6 33. Bxg7 h5 34. f4 f5 35. Be5+ Kb7 36. Rc7+ Kb6 37. Kh2 Ka5 38. Kg3 Be8 39. Kh4 Kb4 40. g3 Rg6 41. Rxa7 Kxc4 42. Ra8 Bc6 43. Ra3 Be8 44. Re3 Kd5 45. Bf6 Bd7 46. Bc3 Be6 47. Bb4 Bd7 48. Kxh5 Rg8 49. Bc3 Kd6 50. Kh6 Be6 51. Kh7 Ra8 52. Bb4+ Kd7 53. Kg7 Ra4 54. Kf6 Bd5 55. Bc3 Be4 56. g4 fxg4 57. hxg4 Bc2 58. Re7+ Kd8 59. Be5 Ra6+ 60. Re6 Rxe6+ 61. Kxe6 Ke8 62. Bd6 Bd1 63. g5 Bc2 64. f5 1-0

[Event "Camp. russo a squadre 2007"]
[Site "Sochi RUS"]
[Date "2007.05.08"]
[Round "7"]
[White "Miton, K."]
[Black "Rublevsky, S."]
[Result "1-0"]
[WhiteElo "2653"]
[BlackElo "2680"]
[PlyCount "77"]
[EventDate "2007.05.02"]
[Source "www.chesslib.no"]
[SourceDate "2004.05.04"]

1. d4 d5 2. c4 c6 3. Nc3 Nf6 4. Nf3 dxc4 5. a4 Bf5 6. e3 e6 7. Bxc4 Nbd7 8. O-O Bb4 9. Qb3 a5 10. Na2 Be7 11. Nh4 Be4 12. Nc3 Bd5 13. Bxd5 Nxd5 14. Nf3 Qb6 15. Qc4 Qa6 16. Qxa6 Rxa6 17. e4 Nb4 18. Bf4 f6 19. Rad1 Kf7 20. b3 Rc8 21. Nd2 Nb6 22. Nc4 Nxc4 23. bxc4 Nc2 24. Ne2 Rb6 25. Bd2 Rb3 26. Rb1 Rd3 27. Bxa5 Nxd4 28. Nxd4 Rxd4 29. Rxb7 Rxc4 30. Bc7 Rxa4 31. Bd6 Re8 32. f3 Rd4 33. e5 fxe5 34. Bxe5 Rd5 35. Re1 Kg6 36. h4 Bxh4 37. Re4 Be7 38. Rg4+ Kf5 39. Bxg7 1-0

[Event "Deutschland 81/315"]
[Site "?"]
[Date "2000.??.??"]
[Round "?"]
[White "Van Wely, L."]
[Black "Kasimdzhanov, R."]
[Result "1-0"]
[WhiteElo "2643"]
[BlackElo "2690"]
[PlyCount "83"]
[EventDate "2000.??.??"]
[Source "Chess Informant"]
[SourceDate "2001.02.01"]

1. d4 d5 2. c4 c6 3. Nc3 Nf6 4. Nf3 dxc4 5. a4 Bf5 6. e3 e6 7. Bxc4 Bb4 8. O-O Nbd7 9. Nh4 O-O 10. h3 Bg6 11. Nxg6 hxg6 12. Qb3 Qb6 13. Rd1 Rad8 14. Bd2 a5 15. Be1 Qc7 16. Qc2 Nb6 17. Bb3 Qe7 18. Rac1 Rd7 19. Qe2 Ra8 20. g4 Nbd5 21. f4 Qd8 22. Bf2 Bxc3 23. bxc3 b5 24. Qf3 b4 25. cxb4 Nxb4 26. e4 Rb8 27. h4 Ne8 28. g5 Nd6 29. Kg2 Rdb7 30. Rc3 Na6 31. Rdd3 Kf8 32. Re3 Qd7 33. h5 gxh5 34. Qxh5 Nxe4 35. Qh8+ Ke7 36. Qxg7 Nxc3 37. g6 Kd8 38. Bh4+ Kc7 39. Qe5+ Kb6 40. Rxc3 Nb4 41. Qc5+ Kc7 42. f5 1-0

[Event "ch-Euro Blitz"]
[Site "Ajaccio FRA"]
[Date "2007.10.26"]
[Round "27"]
[White "Van Wely, L."]
[Black "Bareev, E."]
[Result "0-1"]
[WhiteElo "2679"]
[BlackElo "2653"]
[PlyCount "98"]
[EventDate "2007.10.25"]
[Source "www.chesslib.no"]
[SourceDate "2004.05.04"]

1. d4 d5 2. c4 c6 3. Nf3 Nf6 4. Nc3 dxc4 5. a4 Bf5 6. e3 e6 7. Bxc4 Bb4 8. O-O O-O 9. Nh4 Bg6 10. Nxg6 hxg6 11. Qc2 a5 12. Rd1 Qe7 13. f4 Nbd7 14. e4 Nb6 15. Be2 c5 16. e5 Nfd5 17. Nb5 cxd4 18. Nxd4 Rac8 19. Qe4 Rfd8 20. Kh1 Nd7 21. Nb5 Nc5 22. Qf3 Nb6 23. Nd6 Rb8 24. Bb5 Nd5 25. g3 Nd7 26. Ne4 Nc5 27. Ng5 Nc7 28. Rxd8+ Rxd8 29. Be2 Nd5 30. h4 f6 31. exf6 gxf6 32. Ne4 Nxe4 33. Qxe4 f5 34. Qf3 Qc5 35. h5 Kg7 36. hxg6 Qc2 37. Kg2 Bc5 38. Kf1 Rh8 39. Kg2 b6 40. Qd3 Rd8 41. Kf3 Kxg6 42. Be3 Nf6 43. Bd4 Qxe2+ 44. Kxe2 Ng4 45. b3 Rxd4 46. Qxf5+ exf5 47. Kf3 Re4 48. Rc1 Re3+ 49. Kg2 Rxg3+ 0-1

[Event "Monaco MNC"]
[Site "Monaco MNC"]
[Date "1993.??.??"]
[Round "?"]
[White "Christiansen, Larry M"]
[Black "Anand, Viswanathan"]
[Result "0-1"]
[WhiteElo "2620"]
[BlackElo "2710"]
[PlyCount "51"]
[EventDate "1993.??.??"]
[Source "www.chesslib.no"]
[SourceDate "2004.05.04"]

1. d4 d5 2. c4 c6 3. Nf3 Nf6 4. Nc3 dxc4 5. a4 Bf5 6. e3 e6 7. Bxc4 Bb4 8. O-O Nbd7 9. Qe2 Bg6 10. Rd1 O-O 11. Bd3 Bxd3 12. Rxd3 Qe7 13. e4 e5 14. Bg5 h6 15. Bh4 Rfe8 16. Rad1 Bxc3 17. bxc3 exd4 18. Rxd4 Qe6 19. h3 c5 20. Rd6 Qxe4 21. Qb5 Ne5 22. Nxe5 Qxh4 23. Qxb7 Rf8 24. Ng6 fxg6 25. Rxf6 Qxf6 26. Qb3+ 0-1

[Event "Beograd"]
[Site "?"]
[Date "1995.??.??"]
[Round "?"]
[White "Topalov, Veselin"]
[Black "Gelfand, B."]
[Result "1/2-1/2"]
[WhiteElo "2640"]
[BlackElo "2685"]
[PlyCount "83"]
[EventDate "1995.??.??"]
[Source "ChessBase"]
[SourceDate "1995.10.01"]

1. d4 d5 2. c4 c6 3. Nc3 Nf6 4. Nf3 dxc4 5. a4 Bf5 6. e3 e6 7. Bxc4 Bb4 8. O-O Nbd7 9. Nh4 Bg6 10. h3 Bh5 11. g4 Nd5 12. Ng2 Bg6 13. Na2 Be7 14. Qe2 N5b6 15. Bb3 c5 16. Nc3 O-O 17. a5 cxd4 18. exd4 Nc8 19. Nf4 Nd6 20. Nxg6 hxg6 21. Bf4 Ne8 22. Qf3 Bd6 23. Be3 Ndf6 24. g5 Nh5 25. Rfd1 Nc7 26. Bc2 f5 27. h4 b5 28. axb6 axb6 29. Rxa8 Qxa8 30. Qxa8 Rxa8 31. d5 Nxd5 32. Nxd5 exd5 33. Bb3 Kf8 34. Bxd5 Ra4 35. Bxb6 Rxh4 36. Bc6 Be7 37. Ra1 Nf4 38. Ra8+ Kf7 39. Be8+ Ke6 40. Ra6 Kd5 41. Bf7+ Ke4 42. Be3 1/2-1/2

[Event "Bundesliga 0102"]
[Site "Germany"]
[Date "2001.11.24"]
[Round "3.2"]
[White "Piket, Jeroen"]
[Black "Van Wely, Loek"]
[Result "1/2-1/2"]
[WhiteElo "2630"]
[BlackElo "2695"]
[PlyCount "61"]
[EventDate "2001.10.??"]
[Source "ChessBase"]
[SourceDate "2002.03.21"]

1. d4 d5 2. c4 c6 3. Nf3 Nf6 4. Nc3 dxc4 5. a4 Bf5 6. e3 e6 7. Bxc4 Bb4 8. O-O Nbd7 9. Nh4 O-O 10. Nxf5 exf5 11. Qc2 Nb6 12. Be2 Qd7 13. a5 Nbd5 14. Bd2 a6 15. Nxd5 Nxd5 16. Bxb4 Nxb4 17. Qb3 Nd5 18. Bf3 Nf6 19. Rfd1 Rad8 20. Ra4 Rfe8 21. h3 h5 22. Rb4 Re7 23. d5 cxd5 24. Bxd5 Nxd5 25. Rbd4 Qe6 26. Rxd5 Red7 27. Rxd7 Rxd7 28. Qa4 Qc6 29. Qb3 Qe6 30. Qa4 Qc6 31. Qb3 1/2-1/2

[Event "Bundesliga 0001"]
[Site "Germany"]
[Date "2001.02.18"]
[Round "9.3"]
[White "Jussupow, Artur"]
[Black "Bareev, Evgeny"]
[Result "1/2-1/2"]
[WhiteElo "2610"]
[BlackElo "2702"]
[PlyCount "64"]
[EventDate "2000.10.14"]
[Source "ChessBase"]
[SourceDate "2001.07.03"]

1. d4 d5 2. c4 c6 3. Nf3 Nf6 4. Nc3 dxc4 5. a4 Bf5 6. e3 e6 7. Bxc4 Bb4 8. O-O Nbd7 9. Qe2 Bg6 10. Bd3 Bxd3 11. Qxd3 O-O 12. Rd1 Qa5 13. e4 e5 14. Bg5 exd4 15. Na2 Rae8 16. Bxf6 Nxf6 17. e5 Nd5 18. Ng5 g6 19. Qxd4 Be7 20. Nf3 f6 21. Nc3 fxe5 22. Qc4 Rd8 23. Nxe5 Bf6 24. Nxd5 cxd5 25. Qg4 Rfe8 26. Nd3 Re4 27. Qh3 Rde8 28. g3 Bd4 29. Qd7 R4e7 30. Qg4 Re4 31. Qd7 R4e7 32. Qg4 Re4 1/2-1/2

[Event "BIH-chT"]
[Site "Bihac"]
[Date "1999.08.29"]
[Round "9"]
[White "Bareev, Evgeny"]
[Black "Ribli, Zoltan"]
[Result "1/2-1/2"]
[WhiteElo "2698"]
[BlackElo "2586"]
[PlyCount "37"]
[EventDate "1999.08.21"]
[Source "www.chesslib.no"]
[SourceDate "2004.05.04"]

1. d4 d5 2. c4 c6 3. Nc3 Nf6 4. Nf3 dxc4 5. a4 Bf5 6. e3 e6 7. Bxc4 Bb4 8. O-O O-O 9. Qb3 Qb6 10. Ne5 Nbd7 11. Nxd7 Nxd7 12. e4 Bxc3 13. exf5 Bxd4 14. fxe6 fxe6 15. Bxe6+ Kh8 16. Qxb6 Nxb6 17. a5 Nd5 18. Ra4 Rae8 19. Rxd4 1/2-1/2

[Event "Munich"]
[Site "Munich"]
[Date "1992.??.??"]
[Round "8"]
[White "Jussupow, Artur"]
[Black "Khalifman, Alexander"]
[Result "1/2-1/2"]
[WhiteElo "2655"]
[BlackElo "2625"]
[PlyCount "76"]
[EventDate "1992.05.??"]
[Source "ChessBase"]

1. d4 d5 2. c4 c6 3. Nf3 Nf6 4. Nc3 dxc4 5. a4 Bf5 6. e3 e6 7. Bxc4 Bb4 8. O-O Nbd7 9. Nh4 Bg6 10. Be2 Rc8 11. g3 O-O 12. Nxg6 hxg6 13. Qb3 Qb6 14. Rd1 Rfd8 15. Na2 Be7 16. Qxb6 Nxb6 17. a5 Nbd5 18. f3 Nb4 19. Nxb4 Bxb4 20. e4 c5 21. Be3 cxd4 22. Rxd4 Rxd4 23. Bxd4 Bc5 24. Rd1 Bxd4+ 25. Rxd4 Kf8 26. Rb4 Rc7 27. h4 Ke7 28. Kf2 Nd7 29. Ke3 b6 30. axb6 Nxb6 31. Rb5 Kd6 32. Ra5 Nd7 33. b4 Rb7 34. Ra6+ Ke7 35. Ra4 Nb6 36. Ra1 Nd7 37. Ra4 Nb6 38. Ra5 Nd7 1/2-1/2

[Event "Struga (Macedonia)"]
[Site "?"]
[Date "2005.05.06"]
[Round "3"]
[White "Damljanovic Branko"]
[Black "Georgiev Kiril"]
[Result "1/2-1/2"]
[WhiteElo "2612"]
[BlackElo "2666"]
[PlyCount "84"]
[EventDate "2005.??.??"]
[Source "www.chesslib.no"]
[SourceDate "2004.05.04"]

1. d4 d5 2. Nf3 Nf6 3. c4 c6 4. Nc3 dxc4 5. a4 Bf5 6. e3 e6 7. Bxc4 Bb4 8. O-O O-O 9. Nh4 Bg4 10. f3 Bh5 11. g3 Nbd7 12. Qb3 a5 13. Na2 Be7 14. Be2 Qb6 15. Qxb6 Nxb6 16. g4 Bg6 17. Nxg6 hxg6 18. b3 Rfd8 19. Rd1 c5 20. Ba3 Nbd5 21. Bxc5 Bxc5 22. dxc5 Nxe3 23. Rxd8+ Rxd8 24. Kf2 Ned5 25. Rc1 Rc8 26. Bb5 Kf8 27. Rc4 g5 28. c6 b6 29. h4 gxh4 30. g5 Ne8 31. Rxh4 Ke7 32. b4 Nd6 33. bxa5 bxa5 34. Nc1 Nxb5 35. axb5 Rb8 36. Rh7 Rxb5 37. Rxg7 Rb2+ 38. Kg3 Ne3 39. Rg8 Nf5+ 40. Kh3 Rc2 41. Nd3 Rxc6 42. Ra8 Rc7 1/2-1/2

[Event "GM"]
[Site "Biel SUI"]
[Date "2007.08.01"]
[Round "8"]
[White "Pelletier, Y."]
[Black "Bu Xiangzhi"]
[Result "1-0"]
[WhiteElo "2591"]
[BlackElo "2685"]
[PlyCount "73"]
[EventDate "2007.07.23"]
[Source "www.chesslib.no"]
[SourceDate "2004.05.04"]

1. d4 d5 2. c4 c6 3. Nf3 Nf6 4. Nc3 dxc4 5. a4 Bf5 6. e3 e6 7. Bxc4 Bb4 8. O-O Nbd7 9. Qe2 Bg4 10. h3 Bh5 11. Rd1 O-O 12. e4 Qe7 13. g4 Bg6 14. Bd3 h6 15. Bf4 Rac8 16. Rac1 Ba5 17. Bg3 Bb6 18. Bb1 Qb4 19. Ne5 Rfd8 20. Qc4 Qxc4 21. Nxc4 Bc7 22. Bxc7 Rxc7 23. f4 Nb6 24. Ne5 a5 25. Nxg6 fxg6 26. Ba2 Kf7 27. f5 gxf5 28. gxf5 Nh5 29. Bxe6+ Kf8 30. d5 cxd5 31. Nxd5 Rxc1 32. Rxc1 Nxd5 33. exd5 Nf4 34. Rc7 Nxd5 35. Rf7+ Ke8 36. Rxg7 Nf4 37. Rg8+ 1-0

[Event "Liepaja rap"]
[Site "Liepaja"]
[Date "2001.08.04"]
[Round "9"]
[White "Wojtkiewicz, Aleksander"]
[Black "Shirov, Alexei"]
[Result "0-1"]
[WhiteElo "2568"]
[BlackElo "2706"]
[PlyCount "64"]
[EventDate "2001.08.02"]
[Source "ChessBase"]
[SourceDate "2001.11.13"]

1. Nf3 d5 2. d4 Nf6 3. c4 c6 4. Nc3 dxc4 5. a4 Bf5 6. e3 e6 7. Bxc4 Nbd7 8. O-O Bb4 9. Bd3 Bxd3 10. Qxd3 O-O 11. Rd1 Qa5 12. e4 h6 13. Bf4 Rfd8 14. Qc2 Rac8 15. h3 Qh5 16. Ne5 c5 17. Nxd7 Rxd7 18. Na2 Ba5 19. Be5 Rc6 20. d5 exd5 21. Bxf6 Rxf6 22. exd5 Rxd5 23. Rxd5 Qxd5 24. Nc3 Bxc3 25. bxc3 Rg6 26. g3 Qd7 27. h4 Rd6 28. Re1 c4 29. Re5 Rd5 30. Qe4 Rxe5 31. Qxe5 b6 32. Qe4 Qxa4 0-1